000 00515nam a2200181Ia 4500
008 100920s9999 xx 000 0 und d
082 _b76596
_a--- 0
100 _aअनु. मांडे अरुण./क्रिस्टन मायकेल
245 _aकॉंगो.
260 _b---
_c0
300 _a253
_bसाधी
365 _b120
520 _aकादंबरी.
630 _aकॉंगो.
650 _aकादंबरी.
730 _aकॉंगो.
942 _cBOOK
999 _c717986
_d717983